Advanced engineering mathematics (Record no. 2354)

000 -LEADER
fixed length control field 00457nam a22001937a 4500
001 - CONTROL NUMBER
control field 2354
003 - CONTROL NUMBER IDENTIFIER
control field BD-DhUET
008 - FIXED-LENGTH DATA ELEMENTS--GENERAL INFORMATION
fixed length control field 140922b xxu||||| |||| 00| 0 eng d
020 ## - INTERNATIONAL STANDARD BOOK NUMBER
International Standard Book Number 8121903459
040 ## - CATALOGING SOURCE
Transcribing agency 0
Modifying agency BD-DhUET
082 ## - DEWEY DECIMAL CLASSIFICATION NUMBER
Classification number 510
Item number DAS/2007
100 ## - MAIN ENTRY--PERSONAL NAME
Personal name Dass, H.K.
245 ## - TITLE STATEMENT
Title Advanced engineering mathematics
250 ## - EDITION STATEMENT
Edition statement 17th Rev. ed.
260 ## - PUBLICATION, DISTRIBUTION, ETC. (IMPRINT)
Place of publication, distribution, etc. Ram Nagar
Name of publisher, distributor, etc. S. Chand.
Date of publication, distribution, etc. 2007
300 ## - PHYSICAL DESCRIPTION
Extent xvi,1274p.
650 #0 - SUBJECT ADDED ENTRY--TOPICAL TERM
Topical term or geographic name as entry element Mathematics
942 ## - ADDED ENTRY ELEMENTS (KOHA)
Koha item type General Book
Holdings
Koha issues (times borrowed) Sublocation or collection (holding branch) Koha full call number Lost status Shelving location Date acquired Koha date last borrowed Piece designation (barcode) Source of classification or shelving scheme Location (home branch) Not for loan Koha date last seen Koha item type Damaged status Koha out on loan Copy number Price effective from Koha normalized classification for sorting Withdrawn status
3Central Library, BUET510/DAS/2007 Circulation section2014-09-222022-11-23103924 Central Library, BUET 2023-05-06General Book  12014-09-22510DAS2007 
6Central Library, BUET510/DAS/2007 Circulation section2014-09-222026-01-13103925 Central Library, BUET 2026-01-13General Book 2026-01-2722014-09-22510DAS2007 
4Central Library, BUET510/DAS/2007 Circulation section2014-09-222024-12-01103927 Central Library, BUET 2025-02-10General Book  32014-09-22510DAS2007 
3Central Library, BUET510/DAS/2007 Circulation section2014-09-222023-03-22103928 Central Library, BUET 2023-06-05General Book  42014-09-22510DAS2007 
1Central Library, BUET510/DAS/2007 Circulation section2014-09-222014-11-12103929 Central Library, BUET 2016-02-24General Book  52014-09-22510DAS2007 
2Central Library, BUET510/DAS/2007 Circulation section2014-09-222023-01-11103931 Central Library, BUET 2023-02-28General Book  72014-09-22510DAS2007 
3Central Library, BUET510/DAS/2007 Circulation section2014-09-222026-04-15103930 Central Library, BUET 2026-04-15General Book 2026-04-2962014-09-22510DAS2007 
2Central Library, BUET510/DAS/2007 Circulation section2015-01-262019-01-20103922 Central Library, BUET 2019-03-31General Book  82015-01-26510_000000000000000_DAS_2007 
2Central Library, BUET510DAS/2007 Circulation section2015-09-012025-03-02103923 Central Library, BUET 2025-04-07General Book  92015-09-01510DAS_2007_000000000000000 
11Central Library, BUET510/DAS/2007 Circulation section2007-05-282024-11-24103926 Central Library, BUET 2024-11-24General Book 2024-12-08102017-05-29510_000000000000000_DAS_2007